000 00891nam a22002657a 4500
001 6755
003 FISKH
005 20250526101116.0
008 250526b cb ||||| |||| 00| 0 eng d
040 _aFISKH
_beng
_cFISKH
_dFISKH
050 _aPZ7.R355 F
082 _a133.254
100 _aRicci, Christine
245 _aFollow those feet! /
_cby Christine Ricci ; illustrated by Sasan Hall
260 _aNew York :
_bSimon Spotlight,
_c2003.
300 _a24 unnumbered pages :
_bcolor illustrations ;
_c23 cm
505 _aE
520 _aDora and Boots have found some strange footprints in the sandbox, and need the reader's help to discover who--or what--made them. Features rebuses.
521 8 _a240
_bLexile
521 8 _aE
_bRaz-Plus
650 _aFootsteps
_vDora the Explorer
700 _aHall, Susan
_dillustrator
942 _2ddc
_cBK
_n0
999 _c6755
_d6755